Introduction to the embryology of angiosperms (Record no. 5177)

MARC details
000 -LEADER
fixed length control field 00574nam a2200229Ia 4500
003 - CONTROL NUMBER IDENTIFIER
control field OSt
005 - DATE AND TIME OF LATEST TRANSACTION
control field 20220912144330.0
008 - FIXED-LENGTH DATA ELEMENTS--GENERAL INFORMATION
fixed length control field 220909b |||||||| |||| 00| 0 eng d
020 ## - INTERNATIONAL STANDARD BOOK NUMBER
International Standard Book Number SL01292758
037 ## - SOURCE OF ACQUISITION
Terms of availability Textual
040 ## - CATALOGING SOURCE
Original cataloging agency CSL
Language of cataloging eng
Transcribing agency CSL
041 ## - LANGUAGE CODE
Language code of text/sound track or separate title eng
100 ## - MAIN ENTRY--PERSONAL NAME
Personal name Maheshwari P
245 #0 - TITLE STATEMENT
Title Introduction to the embryology of angiosperms
700 ## - ADDED ENTRY--PERSONAL NAME
Personal name Maheshwari P
942 ## - ADDED ENTRY ELEMENTS (KOHA)
Classification part I9B,5:7, J0;22
Koha item type Textual
Source of classification or shelving scheme Colon Classification (CC)
Holdings
Withdrawn status Lost status Damaged status Not for loan Home library Current library Date acquired Total Checkouts Full call number Barcode Date last seen Price effective from Koha item type
        Central Science Library Central Science Library 2022-09-12   I9B,5:7 J0;22 SL1292758 2022-09-12 2022-09-12 Textual
Copyright @ Delhi University Library System